Về quyền sở hữu ruộng đất khẩn hoang dưới thời phong kiến /

Wedi'i Gadw mewn:
Manylion Llyfryddiaeth
Prif Awdur: Nguyễn Đức Nghinh.
Fformat: Erthygl
Iaith:Vietnamese
Pynciau:
Tagiau: Ychwanegu Tag
Dim Tagiau, Byddwch y cyntaf i dagio'r cofnod hwn!
Thư viện lưu trữ: Thư viện Trường Đại học Đà Lạt
LEADER 00795nam a2200265 4500
001 DLU090086743
005 ##20090927
040 # # |a DLU  |b vie 
041 # # |a vie 
044 # # |a vn 
100 # # |a Nguyễn Đức Nghinh.  
245 # # |a Về quyền sở hữu ruộng đất khẩn hoang dưới thời phong kiến /  |c Nguyễn Đức Nghinh.  
653 # # |a Khai hoang 
653 # # |a Quyền sở hữu 
653 # # |a Ruộng đất 
773 # # |t Nghiên cứu lịch sử  |g Số 5+6(236-237), 1987, tr. 41-50 
920 # # |a Phòng Tạp chí -- Trung tâm Thông tin - Thư viện Trường Đại học Đà Lạt 
994 # # |a DLU 
900 # # |a True 
911 # # |a Nguyễn Thị Linh Chi 
925 # # |a G 
926 # # |a A 
927 # # |a BB 
980 # # |a Thư viện Trường Đại học Đà Lạt